Geography Quiz

Random Geography or State Quiz

Multiple Choice Geography Slideshow Quiz Stats

Quiz Updated Jul 30, 2015

Challenge
Share
Tweet
Score 0/20 Timer 06:00
1 Play Today
% Correct
Seattle is 1
90.6%
Connecticut's outline is 4
81.4%
Germany's outline is 1
77.4%
Scotland's flag is 2
76.6%
The Iberian peninsula is 1
72.4%
The Matterhorn is 2
68.7%
OPEC's logo is 2
67.6%
The Finnish stamp is 3
65.6%
Giant's Causeway is 2
61.1%
Singapore's subway map is 2
59.1%
% Correct
Qatar's population pyramid is 3
56.8%
Lake Erie is 4
50.4%
Guadeloupe is 2
49.7%
Delhi's climate is 2
47.7%
Tajikistan's crown and stars is 3
46.1%
Centre Block is 4
42.6%
Hokkaido is 2
39.5%
The Jamaican $1 coin is 3
36.1%
Cabo Verde's flag is 3
35%
Roald Amundsen is 1
22.9%

You're not logged in!

Compare scores with friends on all Sporcle quizzes.
Join for Free
OR
Log In

You Might Also Like...

Show Comments

Extras

Top Quizzes Today


Score Distribution

Your Account Isn't Verified!

In order to create a playlist on Sporcle, you need to verify the email address you used during registration. Go to your Sporcle Settings to finish the process.

Report this User

Report this user for behavior that violates our Community Guidelines.

Details: